000 00408nam a2200169Ia 4500
008 180921t1977 xxu||||| |||| 00| 0 eng d
041 _aeng
080 _a597
_bWHI
100 _aWhitehead, Peter
245 _aHow fishes live
260 _bGalley press
_aEngland
_c1977
300 _a160p., ill., 30 cm
650 _aZoology
942 _cBK
999 _c16385
_d16385
003 LK-CoDNM
040 _aLK-CoDNM
_dLK-CoDNM
_eLK-CoDNM